000 00644nam a22002177a 4500
999 _c1308
_d1308
003 OSt
005 20190820164110.0
008 150330b xxu||||| |||| 00| 0 eng d
020 _a0443103135
040 _cDLC
082 _aWQ 100 P943j 2006
100 _aEdited by John Studd; Tan Seang Lin; Chervenak Frank A.
_912854
245 _aProgress in Obstetrics and Gynaecology
250 _a17th ed.
260 _aLondon:
_bChurchill Livingstone Elsevier;
_c2006.
300 _axiv, 456 p:
_bill;
_c27 cm.
504 _aIncludes bibliographical references and index.
650 _aObstetrics
_95
650 _2Gynaecology
942 _2z
_cSLOAN